000 01227nam a22003737a 4500
001 BR7906234
003 BR-BrBNA
005 20230928090133.0
007 ta
008 230509b bl.||||| |||| 00| 0 por d
040 _aBR-BrBNA
_bpor
_cBiblioteca Nacional de Agricultura
041 _a(Por)
072 _aF24
_b/G514
090 _ F24 BR7906234
100 1 _aValerio Filho, M.
100 1 _aQueiroz Neto, J.P. de
100 1 _aKoffler, N.F.
100 1 _aNakashima, P.
100 1 _aMattos, J.T. de
100 1 _aHiga, N.T.
100 1 _aCarvalho, V.C. de
110 1 _aInstituto de Pesquisas Espaciais, Sao Jose dos Campos, SP (Brasil)
245 1 _aReconhecimento dos grandes dominios pedologicos da Bacia do Paraiba (parte ocidental)atraves de imagens Landsat [Fotointerpretacao; Levantamento do solo; Vale do Paraiba; Brasil]
_bINPE-1623-RPE/088
260 3 _aSao Jose dos Campos, SP (Brasil):
_c1979.
300 _a53 p.
500 _a5 illus.; Summaries (Eng, Por)
650 _aReconhecimento do solo
650 _aFotointerpretacao
650 _aClassificacao do solo
650 _aAerofotogrametria
650 _aVale do Paraiba
909 _a202309
_bLucia
_c55
_dLucia Elande
942 _cBK
999 _c27921
_d27921